000
00326nam a22001457a 4500
008
210312b ||||| |||| 00| 0 eng d
020
_a
9780323057431
041
_a
eng
080
_2
7th
_a
610.73
082
_2
7th
_a
610.73
100
_a
1
101
_a
INF
245
_a
Nursing Resarch
_c
Wood-Leobiondo,G
942
_2
udc
_c
BK
999
_c
56599
_d
56599